Letnie Grand Prix w Wiśle 2022 Kwalifikacje - Statystyki

Ogólne statystyki
  • Ten quiz został rozwiązany 23 razy
  • Średni wynik to 6 z 10
Statystyki odpowiedzi
Miejsce Zawodnik % Poprawnych
2 Dawid Kubacki
100%
4 Kamil Stoch
95%
1 Piotr Żyła
90%
9 Jakub Wolny
65%
8 Paweł Wąsek
65%
6 Maciej Kot
55%
3 Aleksander Zniszczoł
45%
7 Karl Geiger
40%
5 Thomas Lackner
25%
10 Naoki Nakamura
15%
Nie znaleziono quizów pasujących do podanych kryteriów
Rozkład punktacji
Procent ludzi z każdym wynikiem
Percentyl według liczby udzielonych odpowiedzi
Twoja historia wyników
Nie rozwiązałeś tego quizu